Sports Quiz

Random Sports or MLB Quiz

MLB 2000 Strikeouts with 1 Team Quiz Stats

 Plays Quiz Updated Oct 2, 2017

Challenge
Share
Tweet
Embed
Score 0/29 Timer 05:00
4 Plays Today
Team Player % Correct
Seattle MarinersRandy Johnson
95.6%
Arizona DiamondbacksRandy Johnson
95.6%
Washington SenatorsWalter Johnson
94%
Atlanta BravesTom Glavine
83.7%
Atlanta BravesJohn Smoltz
80.3%
California AngelsNolan Ryan
77.4%
Los Angeles DodgersSandy Koufax
72.7%
Boston Red SoxRoger Clemens
71.6%
St. Louis CardinalsBob Gibson
68.3%
Seattle MarinersFélix Hernández
65.3%
Los Angeles DodgersClayton Kershaw
64.5%
New York MetsTom Seaver
63%
Philadelphia PhilliesSteve Carlton
60.7%
Detroit TigersJustin Verlander
59.8%
Baltimore OriolesJim Palmer
55.6%
Team Player % Correct
Cleveland IndiansBob Feller
51.4%
New York YankeesAndy Pettitte
51.3%
Los Angeles DodgersDon Drysdale
50.6%
Milwaukee BravesWarren Spahn
50.2%
Chicago CubsFergie Jenkins
40.4%
Atlanta BravesPhil Niekro
39.3%
Minnesota TwinsBert Blyleven
38.8%
Los Angeles DodgersDon Sutton
36.6%
San Francisco GiantsJuan Marichal
36.5%
New York GiantsChristy Mathewson
35%
Boston Red SoxTim Wakefield
32.1%
California AngelsChuck Finley
21.2%
Detroit TigersMickey Lolich
20.7%
Cleveland IndiansSam McDowell
10.5%

You're not logged in!

Compare scores with friends on all Sporcle quizzes.
Join for Free
OR
Log In

You Might Also Like...

Show Comments

Extras

Top Quizzes Today


Score Distribution

Your Account Isn't Verified!

In order to create a playlist on Sporcle, you need to verify the email address you used during registration. Go to your Sporcle Settings to finish the process.

Report this User

Report this user for behavior that violates our Community Guidelines.

Details: